000 00521nmm a2200169Ia 4500
008 251105s9999||||xx |||||||||||||||||und||
020 _a8474855187
041 _aspa
100 _aVelasco Criado, Demetrio
245 0 _aPensamiento político contemporáneo
264 _a[Madrid, España] :
_bUniversidad de Deusto,
_c2001
300 _a436 páginas
490 _aGranate - Serie Ciencias Sociales
650 _aPolitical Science (General)
856 _uhttps://public.digitaliapublishing.com/a/17582
942 _cCF
999 _c73279
_d73279